1189 1740 1643 1433 1249 1288 1497 1089 1041 1462 1060 1243 1418 1160 1413 1806 1295 1427 1860 1812 1751 1211 1112 1011 1928 1755 1127 1230 1358 1260 1931 1374 1612 1164 1660 1580 1076 1658 1092 1343 1143 1006 1096 1817 1629 1226 1142 1786 1400 1226 1927 1471 1598 1190 1799 1710 1632 1213 1954 1182 1107 1142 1008 1004 1878 1470 1038 1806 1071 1326 1530 1813 1753 1890 1057 1289 1482 1415 1359 1900 1651 1039 1312 1325 1842 1253 1688 1533 1092 1146 1496 1314 1868 1468 1149 1462 1738 1490 1347 BCNSPRNW ULIB Ver.6.0+V

เปลี่ยนเป็นภาษาไทย

Change to English
 แสดงรายละเอียดบรรณานุกรม
  กลับหน้าหลัก

Brief Record : Get Marc (ISO 2709) : E-mail record : QR code < ปิดหน้าต่าง
LEADER : 00000nam 2200000uu 4500
001    13399123797
003     ULIB
008    141128s2557||||th 000 0 tha d
020    ^a9786169120513
060 04 ^aWQ240^bก451
110 1  ^aสมาคมเวชศาสตร์มารดาและทารกในครรภ์
245 00 ^aการดูแลภาวะแทรกซ้อนของการตั้งครรภ์แบบร่วมสมัย /^cบรรณาธิการ, วิบูลย์ เรืองชัยนิคม ... [และคนอื่นๆ]
250    ^aพิมพ์ครั้งที่ 1
260    ^aกรุงเทพฯ :^bสมาคมเวชศาสตร์มารดาและทารกในครรภ์,^c2557
300    ^a234 หน้า :^bภาพประกอบ ;^c30 ซม.
650  2 ^aPregnancy Complications
650  4 ^aภาวะแทรกซ้อนขณะมีครรภ์
653    ^aผลงานอาจารย์คณะแพทยศาสตร์ศิริราชพยาบาล
700 0  ^aวิบูลย์ เรืองชัยนิคม,^eบรรณาธิการ
945    ^p360^l0^i22091
945    ^p360^l0^i22092
945    ^p360^l0^i22093
945    ^p360^l0^i22094
945    ^p360^l0^i22095
999    ^aทศพร เกษรทอง
รายการนี้ยังไม่มีแท็ก
คุณยังไม่ได้ล็อกอิน คุณสามารถมีกิจกรรมร่วมกับเว็บไซต์ได้ แต่ต้องล็อกอินก่อน ::
  ล็อกอิน

รายการสื่อสารสนเทศ

ลำดับที่ ประเภท เลขเรียก/บาร์โค้ด สถานที่ สถานะ
1. วิทยาศาสตร์การแพทย์ และสุขภาพ
วิทยาศาสตร์การแพทย์ และสุขภาพ
สถานะ=หนังสือเก่า
WQ240 ก451 ฉ.1 
  Barcode: 22091
ห้องสมุดวิทยาเขตนครสวรรค์
►ส่วนจัดเก็บหนังสือเก่า นว.
บนชั้น
  ขอยืม
2. วิทยาศาสตร์การแพทย์ และสุขภาพ
วิทยาศาสตร์การแพทย์ และสุขภาพ
สถานะ=หนังสือเก่า
WQ240 ก451 ฉ.2 
  Barcode: 22092
ห้องสมุดวิทยาเขตนครสวรรค์
►ส่วนจัดเก็บหนังสือเก่า นว.
บนชั้น
  ขอยืม
3. วิทยาศาสตร์การแพทย์ และสุขภาพ
วิทยาศาสตร์การแพทย์ และสุขภาพ
สถานะ=หนังสือเก่า
WQ240 ก451 ฉ.3 
  Barcode: 22093
ห้องสมุดวิทยาเขตนครสวรรค์
►ส่วนจัดเก็บหนังสือเก่า นว.
บนชั้น
  ขอยืม
4. วิทยาศาสตร์การแพทย์ และสุขภาพ
วิทยาศาสตร์การแพทย์ และสุขภาพ
สถานะ=หนังสือเก่า
WQ240 ก451 ฉ.4 
  Barcode: 22094
ห้องสมุดวิทยาเขตนครสวรรค์
►ส่วนจัดเก็บหนังสือเก่า นว.
บนชั้น
  ขอยืม
5. วิทยาศาสตร์การแพทย์ และสุขภาพ
วิทยาศาสตร์การแพทย์ และสุขภาพ
สถานะ=หนังสือเก่า
WQ240 ก451 ฉ.5 
  Barcode: 22095
ห้องสมุดวิทยาเขตนครสวรรค์
►ส่วนจัดเก็บหนังสือเก่า นว.
บนชั้น
  ขอยืม

รายการใกล้เคียง
    หัวเรื่อง [Pregnancy Complications]
    หัวเรื่อง [ภาวะแทรกซ้อนขณะมีครรภ์]

BibComment


ยังไม่เคยถูกคอมเมนท์

คอมเมนท์ทรัพยากรรายการนี้
  คอมเมนท์: การดูแลภาวะแทรกซ..


 Copyright 2026. Bcnsprnw @Library